La España de Franco / (Record no. 173745)

MARC details
000 -LEADER
campo de control de longitud fija 01100nam a22002895i 4500
001 - NÚMERO DE CONTROL
campo de control 173745
003 - IDENTIFICADOR DE NÚMERO DE CONTROL
campo de control ES-MaACL
005 - FECHA Y HORA DE LA ÚLTIMA TRANSACCIÓN
campo de control 20250619094759.0
008 - DATOS DE LONGITUD FIJA--INFORMACIÓN GENERAL
campo de control de longitud fija 100114s2009 sp |||| | spa d
020 ## - NÚMERO INTERNACIONAL ESTÁNDAR DEL LIBRO
Número Internacional Estándar del Libro 978-84-9899-108-6
080 ## - NÚMERO DE LA CLASIFICACIÓN DECIMAL UNIVERSAL
Número de la Clasificación Decimal Universal 94(460)1939/75"(084)
245 03 - MENCIÓN DEL TÍTULO
Título La España de Franco /
Mención de responsabilidad, etc. Henri Cartier-Bresson, W. Eugene Smith, Francesc Català-Roca, Ramón Masats, Josef Koudelka ; [redacción, Vicente Ponce, Joan Soriano].
260 ## - PUBLICACIÓN, DISTRIBUCIÓN, ETC.
Lugar de publicación, distribución, etc. [Madrid] :
Nombre del editor, distribuidor, etc. Público,
Fecha de publicación, distribución, etc. 2009.
300 ## - DESCRIPCIÓN FÍSICA
Extensión [32] p. :
Otras características físicas principalmente fot. ;
Dimensiones 27 cm.
490 1# - MENCIÓN DE SERIE
Mención de serie Maestros de la fotografía ;
Designación de volumen o secuencia 9
651 #4 - PUNTO DE ACCESO ADICIONAL DE MATERIA--NOMBRE GEOGRÁFICO
Nombre geográfico España-
Subdivisión general Historia-
Subdivisión cronológica 1939-1975, Dictadura-
Subdivisión de forma Obras ilustradas.
9 (RLIN) 172539
700 1# - ENTRADA AGREGADA--NOMBRE PERSONAL
Nombre de persona Cartier-Bresson, Henri.
9 (RLIN) 35901
700 1# - ENTRADA AGREGADA--NOMBRE PERSONAL
Nombre de persona Smith, W. Eugene.
9 (RLIN) 141942
700 1# - ENTRADA AGREGADA--NOMBRE PERSONAL
Nombre de persona Català-Roca, Francesc.
9 (RLIN) 37014
700 0# - ENTRADA AGREGADA--NOMBRE PERSONAL
Nombre de persona Masats, Ramón,
Fechas asociadas al nombre 1931-2024
9 (RLIN) 78672
700 1# - ENTRADA AGREGADA--NOMBRE PERSONAL
Nombre de persona Koudelka, Josef.
9 (RLIN) 141937
700 1# - ENTRADA AGREGADA--NOMBRE PERSONAL
Nombre de persona Ponce, Vicente.
9 (RLIN) 173428
700 1# - ENTRADA AGREGADA--NOMBRE PERSONAL
Nombre de persona Soriano, Joan.
9 (RLIN) 173429
830 1# - PUNTO DE ACCESO ADICIONAL DE SERIE-TÍTULO UNIFORME
Título uniforme Maestros de la fotografía ;
Designación de volumen o secuencia 9
9 (RLIN) 189242
852 ## - LOCALIZACIÓN
Ubicación ES-MaACL
Número de control de estantería 2284-F-9
Holdings
Estatus retirado Estado de pérdida Estado de daño No para préstamo Colección Biblioteca de origen Biblioteca actual Ubicación en estantería Fecha de adquisición Fuente de adquisición Total de préstamos Signatura topográfica completa Código de barras Visto por última vez Precio de reemplazo Tipo de ítem Koha
        Colección de folletos Biblioteca del Ateneo de Madrid Biblioteca del Ateneo de Madrid Depósito folletos 14/01/2010     2284-F-9 1182374 23/02/2023 23/02/2023 Folleto